000 00525nam a2200181Ia 4500
008 090123s9999 xx 000 0 und d
082 _b33955
_a891.463/बापट
100 _aबापट मुकुंद
245 _aमनिषा
250 _a1
260 _bसुर्याक्षराविविधा
_c2001
300 _a168
600 _aबापट मुकुंद
630 _aमनिषा
700 _aबापट मुकुंद
730 _aमनिषा
942 _cBOOK
999 _c72008
_d72008